000 01053cam a2200313 4500
008 000000n2000 000 0 eng u
020 _a0471985228
035 _a(Sirsi) u100282
041 _aENG
050 _a711.026
100 _aAllmendinger, Philip
_xEditor
245 3 _aAn introduction to planning practice
260 _aChichester
_bWiley
_c2000
300 _ax, 439p. ; 24cm.
350 _a17.99
520 _aAimed at students on town planning and related courses, as well as practioners who want to locate their practice within the broadening activity of town planning. Contains chapters on key planning areas and issues.
650 _aSUSTAINABLE DEVELOPMENT
650 _aHOUSING
650 _aDEVELOPMENT
650 _aURBAN RENEWAL
650 _aTOWN CENTRE MANAGEMENT
650 _aTRANSPORT
650 _aCONSERVATION
650 _aTOWN PLANNING
690 _aENVIRONMENTAL AND LAND CONSULTANCY-PLANNING AND DEVELOPMENT
700 _aPrior, Alan
_xEditor
700 _aRacemakers, Jeremy
_xEditor
942 _n0
999 _c99672
_d99672